669 pt 2 #10 (Osirus Jack) - Statistiques

Statistiques générales
  • Ce quiz a été pris 3 fois
  • Le résultat moyen est 47 sur 95
Statistiques - réponses
Hint Réponse % Correct
À
100%
à
100%
bled
100%
de
100%
de
100%
de
100%
de
100%
Découpe
100%
des
100%
des
100%
dons
100%
du
100%
du
100%
du
100%
flow
100%
flow
100%
G
100%
goons
100%
j'ai
100%
j'ai
100%
J'ai
100%
j'arrive
100%
jusqu'à
100%
jusqu'à
100%
la
100%
la
100%
larguer
100%
pété
100%
péter
100%
prod'
100%
s'exporte
100%
'sirus
100%
bombes
67%
et
67%
fons'
67%
gouv'
67%
Couplet 10 (Osirus Jack) J'gonfle
67%
LDO
67%
le
67%
le
67%
on
67%
On
67%
On
67%
on
67%
Papeete
67%
que
67%
rayer
67%
remplie
67%
comme
33%
comme
33%
comme
33%
frappe
33%
Grosse
33%
l'son
33%
pas
33%
pas
33%
quelques
33%
Sors
33%
têtes
33%
tout
33%
allumés
0%
attaque
0%
beuh
0%
Celtics
0%
couleur
0%
dans
0%
d'dix
0%
diode
0%
direct
0%
fonscar
0%
font
0%
haha
0%
hommes
0%
ils
0%
ils
0%
j'découpe
0%
j'sillonne
0%
l'air
0%
ler-par
0%
nerf
0%
of
0%
ont
0%
Persia
0%
plus
0%
pour
0%
Prince
0%
reste
0%
rien
0%
sait
0%
Sur
0%
une
0%
Van Persie
0%
verser
0%
vert
0%
vide
0%
Aucun quiz correspondant
Distribution des résultats
% des personnes avec chaque résultat
Percentile par nombre de réponses
Votre historique - résultats
Vous n’avez pas pris ce quiz